000 00526nam a2200157Ia 4500
008 100415 1972ru ao er 001 0 eng d
040 _aABU,Za
050 _aQC 792
100 _aGladkov, K.
245 4 _aThe powerhouse of the atom/
_cby K. Gladkov and Translted by S. M. Semenov and H. C.Creighton
260 _aMoscow:
_bMir Publishers,
_c1972
300 _a303p.:ill
650 _aAtomic energy
700 _aSemenov, S. M.;Creighton,H. C.
999 _c54386
_d54386